Selected bibliography of stratigraphy in Montana and adjacent areas. (Record no. 30322)

MARC details
000 -LEADER
fixed length control field 01112cam a2200265 4500
001 - CONTROL NUMBER
control field gs 67000182
003 - CONTROL NUMBER IDENTIFIER
control field DLC
005 - DATE AND TIME OF LATEST TRANSACTION
control field 20260227111420.0
008 - FIXED-LENGTH DATA ELEMENTS--GENERAL INFORMATION
fixed length control field 711013s1966 mtu b 00000 eng c
010 ## - LIBRARY OF CONGRESS CONTROL NUMBER
LC control number gs 67000182 //r86
040 ## - CATALOGING SOURCE
Original cataloging agency U.S. Geological Survey Library
043 ## - GEOGRAPHIC AREA CODE
Geographic area code n-us-mt
-- n-usp--
050 0# - LIBRARY OF CONGRESS CALL NUMBER
Classification number Z6033.S8
Item number B5
110 20 - MAIN ENTRY--CORPORATE NAME
Corporate name or jurisdiction name as entry element Billings Geological Society.
245 10 - TITLE STATEMENT
Title Selected bibliography of stratigraphy in Montana and adjacent areas.
Statement of responsibility, etc. Compiled under a cooperative agreement with the Montana Bureau of Mines and Geology. Contributors: Howard L. Garrett [and others] Ernest H. Gilmour, editor.
260 0# - PUBLICATION, DISTRIBUTION, ETC.
Place of publication, distribution, etc. Butte,
Name of publisher, distributor, etc. Montana College of Mineral Science and Technology,
Date of publication, distribution, etc. 1966.
300 ## - PHYSICAL DESCRIPTION
Extent iv, 61 p.
Dimensions 28 cm.
490 1# - SERIES STATEMENT
Series statement [Montana] Bureau of Mines and Geology. Special publication 38
650 #0 - SUBJECT ADDED ENTRY--TOPICAL TERM
Topical term or geographic name entry element Geology, Stratigraphic
General subdivision Bibliography.
650 #0 - SUBJECT ADDED ENTRY--TOPICAL TERM
Topical term or geographic name entry element Geology
Geographic subdivision Montana
General subdivision Bibliography.
650 #0 - SUBJECT ADDED ENTRY--TOPICAL TERM
Topical term or geographic name entry element Geology
Geographic subdivision Mountain states.
700 10 - ADDED ENTRY--PERSONAL NAME
Personal name Garrett, Howard L.,
Dates associated with a name 1924-
700 10 - ADDED ENTRY--PERSONAL NAME
Personal name Gilmour, Ernest H.,
Relator term ed.
830 #0 - SERIES ADDED ENTRY--UNIFORM TITLE
Uniform title Special publication (Montana Bureau of Mines and Geology) ;
Volume/sequential designation 38.

No items available.

Powered by Koha